Normal view
MARC view
- Stake,M
Entry Personal Name
001 - CONTROL NUMBER
- control field: 2490
003 - CONTROL NUMBER IDENTIFIER
- control field: NUST
005 - DATE AND TIME OF LATEST TRANSACTION
- control field: 20170613104454.0
008 - FIXED-LENGTH DATA ELEMENTS
- fixed length control field: 170613|| aca||aabn | a|a d
040 ## - CATALOGING SOURCE
- Original cataloging agency: NUST
- Transcribing agency: NUST
100 ## - HEADING--PERSONAL NAME
- Personal name: Stake,M
670 ## - SOURCE DATA FOUND
- Source citation: Work cat.: (NUST)0: Stake,M, Environmental toxicology :, 2003.
